| 000 | 00971nam a22001937a 4500 | ||
|---|---|---|---|
| 003 | OSt | ||
| 005 | 20250926163529.0 | ||
| 008 | 250926b |||||||| |||| 00| 0 eng d | ||
| 040 | _cDCL | ||
| 082 | _a၂၉၄.၃၀၇၂ | ||
| 100 | 0 |
_aစန္ဒိမာ(ပေါက်)၊ _cအရှင် |
|
| 245 | 1 | 0 |
_aခေတ်သစ်ဓမ္မပါလရွာနှင့် အခြားသုတေသနဆောင်းပါးများ / _cအရှင်စန္ဒိမာ(ပေါက်)။ |
| 264 |
_aရန်ကုန် ၊ _bစွယ်တော်စာပေ၊ _c၂၀၂၄။ |
||
| 300 |
_a၂၅၂ စာမျက်နှာ ၊ _c၂၁ စင်တီ။ |
||
| 504 | _aကျမ်းကိုးစာရင်းပါဝင်သည်။ | ||
| 650 |
_aဗုဒ္ဓဘာသာ _vသုတေသန |
||
| 650 |
_aဗုဒ္ဓဘာသာ _vဆောင်းပါး |
||
| 942 |
_2ddc _cSHORT TERM _n0 |
||
| 999 |
_c2254 _d2254 |
||